Normal view
MARC view
- تاليف النعيمي، سعدالله نجم عبدالله
Entry Personal Name
001 - CONTROL NUMBER
- control field: 37031
003 - CONTROL NUMBER IDENTIFIER
- control field: JO-AjAnu
005 - DATE AND TIME OF LATEST TRANSACTION
- control field: 20230606080159.0
008 - FIXED-LENGTH DATA ELEMENTS
- fixed length control field: 230606|| aca||aabn | a|a d
040 ## - CATALOGING SOURCE
- Original cataloging agency: JO-AjAnu
- Transcribing agency: JO-AjAnu
100 ## - HEADING--PERSONAL NAME
- Personal name: تاليف النعيمي، سعدالله نجم عبدالله
670 ## - SOURCE DATA FOUND
- Source citation: Work cat.: (JO-AjAnu)19005: تاليف النعيمي، سعدالله نجم عبدالله, author, الاسمدة وخصوبة التربة